Girişimcilik ve kalkınma dergisi (Record no. 200130530)
[ view plain ]
| 000 -LEADER | |
|---|---|
| fixed length control field | 00672 a2200205 4500 |
| 001 - CONTROL NUMBER | |
| control field | 200130530 |
| 003 - CONTROL NUMBER IDENTIFIER | |
| control field | TR-AnTOB |
| 005 - DATE AND TIME OF LATEST TRANSACTION | |
| control field | 20231213143516.0 |
| 008 - FIXED-LENGTH DATA ELEMENTS--GENERAL INFORMATION | |
| fixed length control field | 160507b tu n0 0 0 d |
| 022 ## - INTERNATIONAL STANDARD SERIAL NUMBER | |
| International Standard Serial Number | 13068946 |
| 040 ## - CATALOGING SOURCE | |
| Original cataloging agency | TR-AnTOB |
| Language of cataloging | eng |
| Transcribing agency | TR-AnTOB |
| Description conventions | rda |
| 041 ## - LANGUAGE CODE | |
| Language code of text/sound track or separate title | Türkçe |
| 099 ## - LOCAL FREE-TEXT CALL NUMBER (OCLC) | |
| Classification number | JOURNAL - GİRİŞ |
| 245 #0 - TITLE STATEMENT | |
| Title | Girişimcilik ve kalkınma dergisi |
| Remainder of title | journal of entrepreneurship and development. |
| 260 ## - PUBLICATION, DISTRIBUTION, ETC. | |
| Place of publication, distribution, etc. | Çanakkale: |
| Name of publisher, distributor, etc. | Çanakkale Onsekiz Mart Üniversitesi (ÇOMÜ)İbrahim Bodur Girişimcilik Uygulama ve Araştırma Merkezi, |
| Date of publication, distribution, etc. | 2006 |
| 310 ## - CURRENT PUBLICATION FREQUENCY | |
| Current publication frequency | Annual |
| 650 #7 - SUBJECT ADDED ENTRY--TOPICAL TERM | |
| Topical term or geographic name entry element | Girişimcilik |
| Form subdivision | Süreli yayınlar |
| Source of heading or term | etuturkob |
| 9 (RLIN) | 93176 |
| 942 ## - ADDED ENTRY ELEMENTS (KOHA) | |
| Koha item type | Continuing Resource |
| Source of classification or shelving scheme | Library of Congress Classification |
No items available.
